000 00352nam a2200133Ia 4500
008 240624s9999 xx 000 0 und d
041 _aeng
082 _a330 ARE
100 _aARESTIS PHILIP
245 _aCAPITAL CONTROVERSY POST KEYNESIAN ECONO
260 _c2011
_aNew York
_bRoutledge
300 _axxviii, : 497 : p. : cm. ; 23
365 _cGBP
_b28
999 _c22005
_d22005